Sports Quiz

Random Sports or Basketball Quiz

NBA Franchise All-Time Leaders Quiz Stats

 Plays Quiz Updated Oct 3, 2018

Score 0/120 Timer 12:00
50 Plays Today
Team Player % Correct
Chicago BullsMichael Jordan
96.3%
Chicago BullsMichael Jordan
96.3%
Chicago BullsMichael Jordan
96.3%
Chicago BullsMichael Jordan
96.3%
Cleveland CavaliersLeBron James
93.6%
Cleveland CavaliersLeBron James
93.6%
Los Angeles LakersKobe Bryant
90.8%
Los Angeles LakersMagic Johnson
89.8%
Phoenix SunsSteve Nash
86.4%
Utah JazzKarl Malone
86.4%
Utah JazzKarl Malone
86.4%
San Antonio SpursTony Parker
86.2%
Minnesota TimberwolvesKevin Garnett
84.9%
Minnesota TimberwolvesKevin Garnett
84.9%
Minnesota TimberwolvesKevin Garnett
84.9%
Minnesota TimberwolvesKevin Garnett
84.9%
San Antonio SpursTim Duncan
82.9%
Boston CelticsPaul Pierce
82.7%
Utah JazzJohn Stockton
82.5%
Utah JazzJohn Stockton
82.5%
Miami HeatDwyane Wade
81.5%
Miami HeatDwyane Wade
81.5%
Los Angeles LakersKobe Bryant
81.3%
Dallas MavericksDirk Nowitzki
80.9%
Dallas MavericksDirk Nowitzki
80.9%
Indiana PacersReggie Miller
80.7%
Indiana PacersReggie Miller
80.7%
Indiana PacersReggie Miller
80.7%
Brooklyn NetsJason Kidd
78.8%
Brooklyn NetsJason Kidd
78.8%
Milwaukee BucksKareem Abdul-Jabbar
78.6%
Milwaukee BucksKareem Abdul-Jabbar
78.6%
Detroit PistonsIsiah Thomas
77.4%
Detroit PistonsIsiah Thomas
77.4%
Detroit PistonsIsiah Thomas
77.4%
Golden State WarriorsWilt Chamberlain
76.9%
Boston CelticsBill Russell
76.6%
New York KnicksPatrick Ewing
76.1%
New York KnicksPatrick Ewing
76.1%
New York KnicksPatrick Ewing
76.1%
Team Player % Correct
Houston RocketsHakeem Olajuwon
76%
Houston RocketsHakeem Olajuwon
76%
Houston RocketsHakeem Olajuwon
76%
Atlanta HawksDominique Wilkins
72.3%
Toronto RaptorsDeMar DeRozan
71%
Charlotte HornetsKemba Walker
69.6%
Orlando MagicDwight Howard
68.8%
Miami HeatDwyane Wade
68.5%
San Antonio SpursManu Ginobili
67.2%
Oklahoma City ThunderRussell Westbrook
65.1%
Portland Trail BlazersClyde Drexler
64.3%
Portland Trail BlazersClyde Drexler
64.3%
San Antonio SpursTim Duncan
63.9%
Oklahoma City ThunderGary Payton
63.8%
Oklahoma City ThunderGary Payton
63.8%
Toronto RaptorsChris Bosh
63.2%
Los Angeles ClippersChris Paul
60.5%
Memphis GrizzliesMike Conley
59.9%
Charlotte HornetsMuggsy Bogues
58.8%
Memphis GrizzliesMarc Gasol
57.4%
Portland Trail BlazersLaMarcus Aldridge
56%
Boston CelticsBob Cousy
55.5%
Phoenix SunsWalter Davis
54.6%
Sacramento KingsOscar Robertson
54.2%
Sacramento KingsOscar Robertson
54.2%
Los Angeles ClippersRandy Smith
53.9%
Los Angeles ClippersRandy Smith
53.9%
Boston CelticsJohn Havlicek
53%
Memphis GrizzliesMike Conley
53%
Brooklyn NetsBrook Lopez
51%
Miami HeatUdonis Haslem
50.6%
Brooklyn NetsBuck Williams
50.5%
Cleveland CavaliersLeBron James
49.2%
Los Angeles ClippersDeAndre Jordan
46.8%
Orlando MagicDwight Howard
45.6%
Denver NuggetsAlex English
43.3%
Denver NuggetsAlex English
43.3%
Washington WizardsJohn Wall
41.1%
Cleveland CavaliersLeBron James
39.7%
Charlotte HornetsEmeka Okafor
38.8%
Team Player % Correct
Charlotte HornetsMuggsy Bogues
36.2%
New Orleans PelicansChris Paul
36%
New Orleans PelicansChris Paul
36%
New Orleans PelicansAnthony Davis
35.1%
Detroit PistonsBill Laimbeer
34.8%
New York KnicksWalt Frazier
34.6%
Golden State WarriorsChris Mullin
34.3%
Los Angeles LakersElgin Baylor
33.8%
Washington WizardsWes Unseld
32.9%
Washington WizardsElvin Hayes
29%
New Orleans PelicansAnthony Davis
28.7%
Atlanta HawksBob Pettit
28.2%
Orlando MagicNick Anderson
27.8%
Memphis GrizzliesMike Conley
24.7%
Philadelphia 76ersMaurice Cheeks
24.7%
Philadelphia 76ersMaurice Cheeks
24.7%
Orlando MagicJameer Nelson
22.2%
Portland Trail BlazersTerry Porter
22.2%
Toronto RaptorsJose Calderon
19%
Atlanta HawksMookie Blaylock
18.3%
Atlanta HawksDoc Rivers
17.7%
Washington WizardsJohn Wall
17.7%
Philadelphia 76ersHal Greer
17.1%
Dallas MavericksDerek Harper
15.7%
Dallas MavericksDerek Harper
15.7%
Toronto RaptorsKyle Lowry
14.1%
Indiana PacersDale Davis
14.1%
Golden State WarriorsNate Thurmond
13.2%
Oklahoma City ThunderJack Sikma
13.1%
Houston RocketsCalvin Murphy
12.8%
Denver NuggetsDan Issel
12.3%
Philadelphia 76ersDolph Schayes
11.5%
Denver NuggetsFat Lever
10.8%
Phoenix SunsAlvan Adams
10.6%
Phoenix SunsAlvan Adams
10.6%
Milwaukee BucksPaul Pressey
3.6%
Golden State WarriorsGuy Rodgers
3.2%
Sacramento KingsSam Lacey
2.8%
Sacramento KingsSam Lacey
2.8%
Milwaukee BucksQuinn Buckner
1.7%

You're not logged in!

Compare scores with friends on all Sporcle quizzes.
OR
Log In

Sporcle TV

Today on Sporcle TV


Watch our educational content, quiz creation guides, and fun videos on Sporcle TV.

Show Comments

Extras

Top Quizzes Today


Score Distribution

Your Account Isn't Verified!

In order to create a playlist on Sporcle, you need to verify the email address you used during registration. Go to your Sporcle Settings to finish the process.

Report this User

Report this user for behavior that violates our Community Guidelines.

Details: